000 00555nam a2200193Ia 4500
005 20260120124458.0
008 008 260114s9999 xx 000 0 eng d
020 _a9781787543300
037 _aEBOOK
040 _aCRL
_beng
_cCRL
041 _aeng
_2eng
084 _qCRL
245 0 _aGender and the Media: Women?s Places
260 _bEmerald Publishing
_c2018
700 _aMarcia Texler Segal
_9906912
856 _uhttps://www.emerald.com/insight/publication/doi/10.1108/S1529-2126201826
942 _cEBOOK
999 _c1498597
_d1498597